[Event "20th 4NCL Congress"]
[Site "Nottingham"]
[Date "2018.09.29"]
[Round "3"]
[Board "20"]
[White "Price, Andrew"]
[Black "Cherupalli, Ramprasad"]
[Result "1/2-1/2"]
[WhiteElo "1765"]
[BlackElo "1825"]
[PlyCount "68"]
[EventDate "2018.09.28"]
[EventRounds "5"]
[EventCountry "ENG"]

1. e4 e5 2. Nc3 Nf6 3. f4 d5 4. fxe5 Nxe4 5. d3 Nxc3 6. bxc3 Be7 7. Nf3 O-O 8.
Be2 f6 9. O-O fxe5 10. Nxe5 Bf6 11. Bf4 Qe7 12. d4 c5 13. Bf3 Rd8 14. Re1 Qf8
15. Qd2 Nc6 16. Rab1 cxd4 17. cxd4 Be7 18. c3 Na5 19. Rb5 Nc4 20. Nxc4 dxc4 21.
Bxb7 Bxb7 22. Rxb7 Bf6 23. Bg5 Rdb8 24. Rxb8 Rxb8 25. Bxf6 Qxf6 26. Qe2 Qc6 27.
Qe6+ Qxe6 28. Rxe6 Rb1+ 29. Kf2 Rc1 30. Rc6 Rxc3 31. d5 Rc2+ 32. Kf3 Rxa2 33.
d6 Kf7 34. Rxc4 Rd2  1/2-1/2

[Event "20th 4NCL Congress"]
[Site "Nottingham"]
[Date "2018.09.29"]
[Round "3"]
[Board "21"]
[White "Swales, Andrew"]
[Black "White, Ian R"]
[Result "0-1"]
[WhiteElo "1592"]
[BlackElo "1975"]
[PlyCount "24"]
[EventDate "2018.09.28"]
[EventRounds "5"]
[EventCountry "ENG"]

1. d4 Nf6 2. c4 g6 3. Nc3 d5 4. cxd5 Nxd5 5. e4 Nxc3 6. bxc3 Bg7 7. Bc4 c5 8.
Ne2 Nc6 9. Be3 O-O 10. O-O Qc7 11. Qc2 Na5 12. Bd3 c4  0-1

[Event "20th 4NCL Congress"]
[Site "Nottingham"]
[Date "2018.09.29"]
[Round "3"]
[Board "22"]
[White "Gillespie, Gary D"]
[Black "Webster, Vivien"]
[Result "1-0"]
[WhiteElo "1870"]
[BlackElo "1727"]
[PlyCount "83"]
[EventDate "2018.09.28"]
[EventRounds "5"]
[EventCountry "ENG"]

1. e4 b6 2. d4 Bb7 3. Bd3 e6 4. Nf3 Bb4+ 5. c3 Be7 6. O-O d6 7. Qe2 Nd7 8. Bf4
Ngf6 9. h3 Nh5 10. Bh2 g6 11. Nbd2 Ndf6 12. Rfe1 O-O 13. Rad1 Qc8 14. g4 Ng7
15. e5 Nd7 16. Be4 d5 17. Bd3 c5 18. Bf4 c4 19. Bc2 b5 20. Nf1 Qc6 21. Ng3 a5
22. Qe3 b4 23. h4 a4 24. Bg5 f6 25. exf6 Nxf6 26. Ne5 Qe8 27. Kg2 b3 28. Bb1
Bd6 29. Bxf6 Rxf6 30. a3 Qe7 31. g5 Rff8 32. Ng4 Bf4 33. Qe2 Bxg3 34. fxg3 Bc8
35. Qe5 Ra7 36. Rf1 Ba6 37. Nh6+ Kh8 38. Rxf8+ Qxf8 39. Rf1 Qe8 40. g4 Bc8 41.
Kh3 Re7 42. Qf6  1-0

[Event "20th 4NCL Congress"]
[Site "Nottingham"]
[Date "2018.09.29"]
[Round "3"]
[Board "23"]
[White "Smith, Lynda"]
[Black "Connor, Michael I"]
[Result "1-0"]
[WhiteElo "1836"]
[BlackElo "1705"]
[PlyCount "123"]
[EventDate "2018.09.28"]
[EventRounds "5"]
[EventCountry "ENG"]

1. e4 Nf6 2. d3 e5 3. g3 c6 4. Bg2 d5 5. exd5 cxd5 6. Nc3 Be7 7. Nf3 Nc6 8. h3
h6 9. O-O O-O 10. Re1 Bd6 11. Nb5 Bb8 12. b3 Qb6 13. a4 a6 14. Na3 Re8 15. Be3
d4 16. Nc4 Qc5 17. Bc1 a5 18. Ba3 Nb4 19. Qd2 Bd6 20. Re2 Nd7 21. Rae1 f6 22.
Bb2 Nc6 23. Nh4 Nf8 24. f4 Bd7 25. Ba3 Nb4 26. fxe5 fxe5 27. Nxd6 Qxd6 28. Bxb7
Ra7 29. Bg2 g5 30. Bxb4 axb4 31. Nf3 Ng6 32. Kh2 Ra5 33. Qd1 g4 34. Nd2 Qf6 35.
Ne4 Qe7 36. Rf2 Ra6 37. hxg4 Kg7 38. Ref1 Be6 39. Nf6 Rc8 40. Nh5+ Kh8 41. Rf6
Rg8 42. Be4 Kh7 43. Qe2 Ra5 44. Rxe6 Qxe6 45. Nf6+ Kg7 46. Nxg8 Kxg8 47. Qf3
Kg7 48. Bf5 Qe7 49. Bxg6 Kxg6 50. Qf5+ Kg7 51. Qe4 Rc5 52. Rf2 Qc7 53. Qe2 Qc8
54. Kg1 Qc7 55. Qf3 Qe7 56. Qf5 e4 57. Qxe4 Qxe4 58. dxe4 Rc3 59. Kg2 Re3 60.
Rd2 Rxe4 61. Kf3 Re3+ 62. Kf4  1-0

[Event "20th 4NCL Congress"]
[Site "Nottingham"]
[Date "2018.09.29"]
[Round "3"]
[Board "24"]
[White "Potter, Steven"]
[Black "Wang, Susie"]
[Result "1-0"]
[WhiteElo "1771"]
[BlackElo "1490"]
[PlyCount "175"]
[EventDate "2018.09.28"]
[EventRounds "5"]
[EventCountry "ENG"]

1. d4 d5 2. Bg5 Bf5 3. e3 h6 4. Bh4 Nf6 5. Bxf6 exf6 6. Nd2 Bd6 7. Ngf3 O-O 8.
c4 dxc4 9. Bxc4 c6 10. O-O Qb6 11. Re1 Nd7 12. e4 Bg4 13. Bb3 Qc7 14. Qc2 Rac8
15. h3 Bh5 16. Nh4 Kh8 17. Nf5 Bg6 18. Nh4 Bh7 19. Qc3 c5 20. Rac1 cxd4 21.
Qxd4 Bc5 22. Qd5 Nb6 23. Qh5 Qd7 24. Rcd1 Qd4 25. Qf3 Qxb2 26. Nf5 Bxf5 27.
Qxf5 Qe5 28. Qxe5 fxe5 29. Rc1 f6 30. Kf1 Bb4 31. Rxc8 Rxc8 32. Rd1 a5 33. Ke2
a4 34. Be6 Rc2 35. f3 Nc8 36. Bxc8 Rxc8 37. Rb1 Bxd2 38. Kxd2 Rb8 39. Rb5 Kg8
40. Kc3 Rc8+ 41. Kb4 Rc2 42. a3 Rxg2 43. Kxa4 Rg3 44. Rxb7 Rxh3 45. Rb3 h5 46.
Kb4 Rh1 47. a4 h4 48. a5 h3 49. Rb2 h2 50. Kb5 Rf1 51. Rxh2 Rxf3 52. Ra2 Rb3+
53. Kc5 Rb8 54. a6 Rc8+ 55. Kd6 g5 56. a7 Ra8 57. Ke6 Kg7 58. Kf5 Kf7 59. Ra4
Ke7 60. Ra6 g4 61. Kxg4 Rg8+ 62. Kf3 Ra8 63. Ke3 Kf7 64. Kd3 Ke7 65. Kc4 Kd8
66. Kd5 Kc8 67. Rxf6 Rxa7 68. Rf8+ Kc7 69. Rf7+ Kb6 70. Rxa7 Kxa7 71. Kxe5 Kb7
72. Kd6 Kc8 73. Ke7 Kc7 74. e5 Kc8 75. e6 Kc7 76. Kf7 Kc6 77. e7 Kd5 78. e8=Q
Kd4 79. Kf6 Kd5 80. Kf5 Kd4 81. Qb5 Ke3 82. Qc4 Kf3 83. Qb3+ Ke2 84. Ke4 Kd2
85. Qb2+ Ke1 86. Kf3 Kd1 87. Ke3 Ke1 88. Qe2#  1-0

[Event "20th 4NCL Congress"]
[Site "Nottingham"]
[Date "2018.09.29"]
[Round "3"]
[Board "25"]
[White "Sheikh, Nasarullah"]
[Black "Ther, Mate"]
[Result "1/2-1/2"]
[WhiteElo "1701"]
[BlackElo "1759"]
[PlyCount "136"]
[EventDate "2018.09.28"]
[EventRounds "5"]
[EventCountry "ENG"]

1. e4 e5 2. d4 exd4 3. Qxd4 Nc6 4. Qe3 b6 5. Bd2 Bc5 6. Qg3 Nf6 7. Nc3 Bb7 8.
O-O-O O-O 9. h4 Re8 10. f3 Bd6 11. Qh3 Nh5 12. Nge2 Ne5 13. g4 Nf6 14. Nd4 Ng6
15. Nce2 Ne5 16. Ng3 Bc5 17. Nge2 d5 18. g5 Nh5 19. f4 Nc4 20. Qg4 g6 21. e5
Nxd2 22. Rxd2 Ng7 23. Bg2 Rb8 24. Bf3 a6 25. Qg2 Qd7 26. h5 Ne6 27. Nxe6 fxe6
28. Kb1 Qf7 29. hxg6 hxg6 30. Rh6 Kg7 31. Qh3 Rh8 32. Bg4 Rbe8 33. c3 Rxh6 34.
Qxh6+ Kg8 35. b4 Bf8 36. Qh3 c5 37. a3 Bc8 38. Rd1 Qh7 39. Qg2 Qf7 40. Rh1 Bb7
41. Qh3 Bg7 42. Rd1 Bc6 43. Kb2 Kf8 44. Nc1 Ke7 45. Qf1 Bb5 46. Be2 Bxe2 47.
Nxe2 Rf8 48. Qg1 Rc8 49. Qg4 Qe8 50. Nc1 Qc6 51. Qf3 Rh8 52. Rh1 Qc8 53. Rxh8
Qxh8 54. Qd3 Qh2+ 55. Ne2 c4 56. Qe3 Kd7 57. a4 Bf8 58. a5 bxa5 59. bxa5 Be7
60. Kc2 Bd8 61. Kd2 Bxa5 62. Qa7+ Bc7 63. Qxa6 Qh3 64. Qa4+ Kd8 65. Qa8+ Kd7
66. Qa4+ Kd8 67. Qa8+ Kd7 68. Qa4+ Kd8  1/2-1/2

[Event "20th 4NCL Congress"]
[Site "Nottingham"]
[Date "2018.09.29"]
[Round "3"]
[Board "26"]
[White "Homer, Neil S"]
[Black "Chen, Daniel Xingyu"]
[Result "1-0"]
[WhiteElo "1746"]
[BlackElo "1248"]
[PlyCount "36"]
[EventDate "2018.09.28"]
[EventRounds "5"]
[EventCountry "ENG"]

1. Nf3 d5 2. d4 Nf6 3. c4 c6 4. e3 e6 5. Nc3 Be7 6. b3 Nbd7 7. Bd3 O-O 8. O-O
c5 9. cxd5 exd5 10. dxc5 Nxc5 11. Bc2 Bg4 12. h3 Bh5 13. Bb2 Nce4 14. Nxe4 Nxe4
15. Bxe4 dxe4 16. Qxd8 Rfxd8 17. Nd4 Rac8 18. Rac1 Bg6 {Remaining moves
unclear.}  1-0

[Event "20th 4NCL Congress"]
[Site "Nottingham"]
[Date "2018.09.29"]
[Round "3"]
[Board "27"]
[White "Sheikh, Anum"]
[Black "Towers, Brian"]
[Result "1-0"]
[WhiteElo "1686"]
[BlackElo "1727"]
[PlyCount "139"]
[EventDate "2018.09.28"]
[EventRounds "5"]
[EventCountry "ENG"]

1. e4 e6 2. d3 d5 3. Nd2 c5 4. Ngf3 Nc6 5. g3 g6 6. Bg2 Bg7 7. c3 Nge7 8. O-O
O-O 9. Re1 a5 10. a3 b6 11. e5 Bb7 12. d4 cxd4 13. cxd4 Nf5 14. Nf1 Ba6 15. h4
h6 16. N1h2 Kh7 17. Ng4 Rc8 18. Bh3 Nce7 19. Bf4 Ng8 20. Qd2 Qd7 21. Kg2 Rc6
22. Rac1 Rfc8 23. Ngh2 Rxc1 24. Rxc1 Rc4 25. g4 Nfe7 26. b3 Rxc1 27. Qxc1 Qc6
28. Qb1 Qc3 29. Bd2 Bd3 30. Bxc3 Bxb1 31. Nd2 Bd3 32. f4 Nc6 33. Kf2 Bf8 34.
Ke3 Ba6 35. Bb2 Nge7 36. Nhf1 Nc8 37. f5 g5 38. hxg5 hxg5 39. f6 b5 40. Nf3 Kg6
41. Ng3 b4 42. a4 Nb6 43. Nd2 Nd7 44. Bg2 Na7 45. Bf3 Bh6 46. Bd1 Kh7 47. Bc2+
Kg8 48. Nf3 Nc8 49. Kf2 Ncb6 50. Bc1 Nf8 51. Bxg5 Bxg5 52. Nxg5 Nbd7 53. Ke3
Bb7 54. Nh5 Bc6 55. Nf4 Nb6 56. Nf3 Be8 57. g5 Ng6 58. Bxg6 fxg6 59. Nxe6 Bd7
60. Nc5 Bf5 61. Kd2 Kf7 62. Nh4 Bc8 63. Ng2 Na8 64. Nf4 Nc7 65. Ke3 Be6 66.
Nfxe6 Nxe6 67. Nxe6 Kxe6 68. Kf4 Kf7 69. e6+ Kxe6 70. f7  1-0

[Event "20th 4NCL Congress"]
[Site "Nottingham"]
[Date "2018.09.29"]
[Round "3"]
[Board "28"]
[White "Fisher, Neal"]
[Black "Obi, Marc On"]
[Result "0-1"]
[WhiteElo "1434"]
[BlackElo "1812"]
[PlyCount "172"]
[EventDate "2018.09.28"]
[EventRounds "5"]
[EventCountry "ENG"]

1. d4 c5 2. Nf3 cxd4 3. Nxd4 Nf6 4. Nc3 g6 5. e4 d6 6. Bc4 Bg7 7. Nf3 O-O 8.
O-O a6 9. a4 Nc6 10. h3 Bd7 11. Be3 Rc8 12. Be2 Qa5 13. Bd2 Qb6 14. Rb1 Nb4 15.
Be3 Qa5 16. Ra1 Bc6 17. Nd2 Qc7 18. f3 Rfd8 19. a5 Nd7 20. Ra3 Nc5 21. Qb1 Bd7
22. Nc4 Be6 23. Nb6 Rb8 24. Rd1 Nc6 25. b4 Nd7 26. Ncd5 Bxd5 27. Nxd5 Qc8 28.
b5 axb5 29. Bxb5 Kf8 30. Bb6 Nxb6 31. axb6 Ra8 32. Rdd3 Rxa3 33. Rxa3 Nd4 34.
Nc7 Nc6 35. Kh1 Bd4 36. Bd3 Qd7 37. c3 Bc5 38. Ra2 Rc8 39. Nd5 Kg7 40. Bb5 e6
41. Bxc6 Rxc6 42. Nf4 Rxb6 43. Qa1 f6 44. Ra8 Be3 45. Nd3 Qb5 46. Nb4 Qe2 47.
Ra2 Qc4 48. Ra4 Qe2 49. Ra2 Bd2 50. Nc2 Qd3 51. Nb4 Qxc3 52. Qxc3 Bxc3 53. Nd3
Rb1+ 54. Kh2 Rd1 55. Nf2 Rd2 56. Rxd2 Bxd2 57. Nd3 b5 58. Kg1 Kf7 59. Kf1 Ke7
60. Ke2 Bc3 61. Kd1 d5 62. Kc2 dxe4 63. fxe4 b4 64. Kb3 Kd6 65. Kc4 h5 66. Nf4
Ke5 67. Nxg6+ Kxe4 68. Nf8 e5 69. Nd7 Kf5 70. g4+ hxg4 71. hxg4+ Kg5 72. Kd3
e4+ 73. Kxe4 Kxg4 74. Kd3 f5 75. Nc5 f4 76. Ke2 f3+ 77. Kf1 Kf4 78. Nb3 Ke3 79.
Nc1 f2 80. Nb3 Be1 81. Na1 Kd3 82. Nb3 Kc3 83. Nc1 b3 84. Ne2+ Kd2 85. Nd4 b2
86. Nb3+ Kd1  0-1

[Event "20th 4NCL Congress"]
[Site "Nottingham"]
[Date "2018.09.29"]
[Round "3"]
[Board "29"]
[White "Livesey, R  Nigel"]
[Black "London, Nick J"]
[Result "1-0"]
[WhiteElo "1758"]
[BlackElo "1692"]
[PlyCount "91"]
[EventDate "2018.09.28"]
[EventRounds "5"]
[EventCountry "ENG"]

1. c4 g6 2. g3 Bg7 3. Bg2 Nf6 4. Nc3 O-O 5. d3 c6 6. Qb3 d6 7. Nf3 Nbd7 8. O-O
Nb6 9. e4 e5 10. h3 h6 11. Qc2 Be6 12. b3 d5 13. exd5 cxd5 14. Nxe5 dxc4 15.
bxc4 Qc8 16. Kh2 Nh5 17. Nf3 Rd8 18. Bb2 Bf5 19. Ne4 Bxb2 20. Qxb2 Bxe4 21.
dxe4 Qxc4 22. Rac1 Qxe4 23. Ne5 Qd4 24. Qxd4 Rxd4 25. Bxb7 Re8 26. Nf3 Rd6 $11
27. a4 Nf6 28. a5 Re7 29. a6 Rd3 30. Rfd1 Rxd1 31. Rxd1 Rd7 32. Rb1 Rd6 33. Ne5
Nbd7 34. Nc6 Nc5 35. Ra1 Ne8 36. Ra5 Nd7 37. Nxa7 Nc7 38. Nc8 Rf6 39. Kg2 Nb6
40. Rc5 Nba8 41. a7 Kg7 42. Ne7 Rb6 43. Bxa8 Nxa8 44. Rc8 Rb7 45. Rxa8 Rxe7 46.
Rg8+  1-0

[Event "20th 4NCL Congress"]
[Site "Nottingham"]
[Date "2018.09.30"]
[Round "4"]
[Board "1"]
[White "Pink, Joshua"]
[Black "Molano Lafuente, Ismael"]
[Result "1/2-1/2"]
[WhiteElo "1857"]
[BlackElo "1968"]
[PlyCount "70"]
[EventDate "2018.09.28"]
[EventRounds "5"]
[EventCountry "ENG"]

1. e4 c5 2. Nf3 Nc6 3. d4 cxd4 4. Nxd4 Nf6 5. Nc3 e5 6. Nf5 d5 7. exd5 Bxf5 8.
dxc6 Qxd1+ 9. Nxd1 bxc6 10. Ne3 Be6 11. Nc4 Nd7 12. Be3 Bxc4 13. Bxc4 Bc5 14.
Bxc5 Nxc5 15. O-O-O Ke7 16. Rhe1 f6 17. Be2 Rhd8 18. Bf3 Rxd1+ 19. Rxd1 Rc8 20.
b4 Nb7 21. b5 Nd8 22. bxc6 $11 Nxc6 23. Bxc6 Rxc6 24. Kb2 Rd6 25. Rf1 Ke6 26.
Kc3 f5 27. Rb1 Rc6+ 28. Kd2 Ra6 29. Rb2 Rd6+ 30. Ke2 Rb6 31. Rb3 h6 32. Ra3 a6
33. h4 Rc6 34. Kd2 g6 35. Ra5 g5  1/2-1/2

[Event "20th 4NCL Congress"]
[Site "Nottingham"]
[Date "2018.09.30"]
[Round "4"]
[Board "2"]
[White "Bowers, Francis J"]
[Black "Bennett, Dominic L"]
[Result "1-0"]
[WhiteElo "1864"]
[BlackElo "1933"]
[PlyCount "59"]
[EventDate "2018.09.28"]
[EventRounds "5"]
[EventCountry "ENG"]

1. e4 Nc6 2. Nc3 d6 3. Nf3 Bg4 4. Be2 e5 5. d3 Qd7 6. Be3 h6 7. Qd2 g6 8. Nd5
Be7 9. O-O-O f5 10. Qc3 fxe4 11. dxe4 Nf6 12. Nxf6+ Bxf6 13. Rhe1 a6 14. Nd2
Bxe2 15. Rxe2 O-O-O 16. Nb3 Qf7 17. Kb1 Rd7 18. Red2 Rhd8 19. f3 g5 20. Na5 Ne7
21. Qb4 c5 22. Qb6 Kb8 23. Rxd6 Nc8 24. Nc6+ Ka8 25. Nxd8 Rxd6 26. Rxd6 Nxb6
27. Nxf7 Nc4 28. Rxf6 Nxe3 29. Nxe5 Nxc2 30. Kxc2  1-0

[Event "20th 4NCL Congress"]
[Site "Nottingham"]
[Date "2018.09.30"]
[Round "4"]
[Board "3"]
[White "Ansari, Athar"]
[Black "Somton, Anita"]
[Result "1-0"]
[WhiteElo "1888"]
[BlackElo "1787"]
[PlyCount "29"]
[EventDate "2018.09.28"]
[EventRounds "5"]
[EventCountry "ENG"]

1. d4 d5 2. Bf4 c5 3. c3 Nc6 4. Nf3 Qb6 5. b3 Bf5 6. e3 Nf6 7. Be2 Bxb1 8. Qxb1
Ne4 9. Qb2 cxd4 10. exd4 e5 11. Bxe5 Nxe5 12. Nxe5 Nxc3 13. O-O Nxe2+ 14. Qxe2
Be7 $11 15. Rfe1  1-0

[Event "20th 4NCL Congress"]
[Site "Nottingham"]
[Date "2018.09.30"]
[Round "4"]
[Board "4"]
[White "Gopakumar, Siddharth"]
[Black "Hughes, Peter"]
[Result "1-0"]
[WhiteElo "1833"]
[BlackElo "1874"]
[PlyCount "101"]
[EventDate "2018.09.28"]
[EventRounds "5"]
[EventCountry "ENG"]

1. e4 c5 2. Nf3 g6 3. d4 cxd4 4. Qxd4 Nf6 5. e5 Nc6 6. Qa4 Nd5 7. Qe4 Nc7 8.
Nc3 Bg7 9. Bf4 O-O 10. O-O-O Ne6 11. Bg3 Qa5 12. Qd3 Qb6 13. h4 h5 14. Kb1 a5
15. Ng5 a4 16. f4 a3 17. Qb5 Qxb5 18. Nxb5 Nxg5 19. hxg5 axb2 20. Kxb2 d6 21.
Re1 dxe5 22. fxe5 Bf5 23. Bc4 Rad8 24. Kc1 Nd4 25. Nxd4 Rxd4 26. Rh4 Rfd8 27.
Rxd4 Rxd4 28. Bb3 Rg4 29. Re3 Rxg5 30. Bd5 Rg4 31. Rb3 Be4 32. Bxe4 Rxe4 33.
Rxb7 Bxe5 34. Bxe5 Rxe5 35. a4 Ra5 36. Rb4 f5 37. Kb2 Kf7 38. Kb3 Kf6 39. Rb6+
e6 40. Kb4 Ra8 41. c4 h4 42. c5 f4 43. c6 Rc8 44. Kc5 Ke5 45. Rb7 h3 46. gxh3
f3 47. Rf7 Ke4 48. Kd6 Ra8 49. c7 e5 50. Kd7 Rxa4 51. c8=Q  1-0

[Event "20th 4NCL Congress"]
[Site "Nottingham"]
[Date "2018.09.30"]
[Round "4"]
[Board "5"]
[White "Taylor, Robert K"]
[Black "Goodwin, Ed H"]
[Result "1-0"]
[WhiteElo "1995"]
[BlackElo "1847"]
[PlyCount "77"]
[EventDate "2018.09.28"]
[EventRounds "5"]
[EventCountry "ENG"]

1. e4 c5 2. Nf3 g6 3. d4 cxd4 4. Qxd4 Nf6 5. e5 Nc6 6. Qa4 Nd5 7. Qe4 Nc7 8.
Nc3 Bg7 9. Bf4 Ne6 10. O-O-O Nxf4 11. Qxf4 O-O 12. Nd5 Qa5 13. Bc4 d6 14. exd6
exd6 15. Qxd6 Bg4 16. Nf6+ Bxf6 17. Qxf6 Bxf3 18. gxf3 Rac8 19. Rhg1 Qh5 20.
Bb3 Qh6+ 21. f4 Qg7 22. Qxg7+ Kxg7 23. Rd7 b6 24. Rgd1 Kf6 25. Ba4 Na5 26. Rxa7
Rc4 27. b3 Rxf4 28. Rd6+ Kg5 29. Rxb6 Nc4 30. bxc4 Rxc4 31. Rb3 Rf4 32. Rg3+
Kh4 33. Bd7 Rxf2 34. Rh3+ Kg5 35. Ra5+ f5 36. Rxh7 Rf1+ 37. Kb2 Rb8+ 38. Rb5
Ra8 39. Rb6  1-0

[Event "20th 4NCL Congress"]
[Site "Nottingham"]
[Date "2018.09.30"]
[Round "4"]
[Board "6"]
[White "Jacob, Sydney J"]
[Black "Cast, Julian"]
[Result "1/2-1/2"]
[WhiteElo "1838"]
[BlackElo "1975"]
[PlyCount "83"]
[EventDate "2018.09.28"]
[EventRounds "5"]
[EventCountry "ENG"]

1. d4 e6 2. e4 d5 3. exd5 exd5 4. Bd3 Bd6 5. Ne2 Ne7 6. Bf4 Bg4 7. Bxd6 Qxd6 8.
c3 Nd7 9. Qc2 O-O-O 10. O-O g5 11. Nd2 h5 12. f3 Be6 13. Ng3 Qf4 14. Rae1 Rdg8
15. Ne2 Qh4 16. g3 Qh3 17. Kh1 Bf5 18. Ng1 Bxd3 19. Qxd3 Qf5 20. Qxf5 Nxf5 21.
Kg2 Re8 22. Kf2 Rxe1 23. Rxe1 Kd8 24. Nf1 c6 25. Ne2 $11 Nd6 26. Nd2 f5 27. f4
g4 28. Nc1 h4 29. Kg2 hxg3 30. hxg3 Re8 31. Rxe8+ Kxe8 32. Nd3 Nf6 33. Kf2 Ke7
34. Kg2 Nfe4 35. Nxe4 dxe4 36. Ne5 a5 37. Kf2 Kd8 38. Ke3 $11 a4 39. c4 Kc7 40.
c5 Nb5 41. a3 Na7 42. Nc4  1/2-1/2

[Event "20th 4NCL Congress"]
[Site "Nottingham"]
[Date "2018.09.30"]
[Round "4"]
[Board "7"]
[White "Ireland, David J"]
[Black "Goldrick, Thomas G"]
[Result "0-1"]
[WhiteElo "1892"]
[BlackElo "1805"]
[PlyCount "112"]
[EventDate "2018.09.28"]
[EventRounds "5"]
[EventCountry "ENG"]

1. e4 c5 2. Nc3 Nc6 3. f4 e6 4. Nf3 d5 5. Bb5 Nf6 6. d3 Be7 7. O-O O-O 8. Bxc6
bxc6 9. e5 Nd7 10. b3 Rb8 11. Ne2 Qc7 12. c4 f6 13. Bb2 d4 14. exf6 Nxf6 15.
Bc1 Bd6 16. Ne5 Nd7 17. Ng3 Nxe5 18. fxe5 Rxf1+ 19. Kxf1 Bxe5 20. Ne4 Bd7 21.
g3 Rf8+ 22. Kg2 Bd6 23. Qh5 Rf5 24. Qh4 Bc8 25. Bg5 Bf8 26. Rf1 Rxf1 27. Kxf1
e5 28. Bd8 Qd7 29. Kg2 h6 30. h3 Qf7 31. g4 Qf4 32. Qg3 Qxg3+ 33. Kxg3 Kf7 34.
Bc7 Ke6 35. Bb8 a6 36. Ba7 Bd7 37. Bxc5 Be7 38. Bxe7 Kxe7 39. b4 Bc8 40. a4 Bd7
41. a5 Bc8 42. Kf3 Ke6 43. Nc5+ Kd6 44. h4 g6 45. g5 h5 46. Ne4+ Ke7 47. Ng3
Bg4+ 48. Ke4 Kd6 49. b5 cxb5 50. cxb5 axb5 51. a6 Bc8 52. Nxh5 Bxa6 53. Kf3
gxh5 54. g6 Ke6 55. g7 Kf7 56. Ke4 b4  0-1

[Event "20th 4NCL Congress"]
[Site "Nottingham"]
[Date "2018.09.30"]
[Round "4"]
[Board "8"]
[White "Biermann, Florian B"]
[Black "Jamroz, Viktor"]
[Result "1/2-1/2"]
[WhiteElo "1802"]
[BlackElo "1863"]
[PlyCount "146"]
[EventDate "2018.09.28"]
[EventRounds "5"]
[EventCountry "ENG"]

1. e4 e6 2. d4 d5 3. Nc3 Bb4 4. a3 Bxc3+ 5. bxc3 dxe4 6. Qg4 Nf6 7. Qxg7 Rg8 8.
Qh6 Rg6 9. Qd2 Nc6 10. Ne2 Nd5 11. g3 f5 12. Nf4 Nxf4 13. Qxf4 Qd6 14. Be2 Qxf4
15. Bxf4 Kd7 16. O-O-O Ne7 17. c4 c6 18. Bh5 Rg8 19. d5 exd5 20. cxd5 cxd5 21.
Bf7 Rf8 22. Bxd5 Ke8 23. Bc4 Bd7 24. Be5 f4 25. Bxf4 Ng6 26. Be3 Ne5 27. Bd5
Bg4 28. Rd4 Bf3 29. Re1 Nc6 30. Ra4 Rf5 31. Bxe4 Bxe4 32. Rxe4+ Kf7 33. Rf4 Kg6
34. Rd1 Rxf4 35. Bxf4 Na5 36. Rd7 Rc8 37. Rc7 Rd8 38. Bd2 Rd5 39. Bxa5 Rxa5 40.
Rxb7 Rxa3 41. Rb3 Ra1+ 42. Kd2 a5 43. Rb6+ Kg7 44. Ra6 a4 45. Kc3 a3 46. f4 h5
47. Kb3 Rb1+ 48. Kc3 Rh1 49. Rxa3 Rxh2 50. Kb2 Kg6 51. Ra6+ Kf5 52. Ra5+ Kf6
53. Rg5 h4 54. g4 Rg2 55. Rf5+ Ke6 56. Re5+ Kf6 57. g5+ Kg6 58. Re6+ Kf5 59.
Rf6+ Ke4 60. Rh6 Rg4 61. g6 Kxf4 62. g7 Rxg7 63. Rxh4+ Ke5 64. Rc4 Kd5 65. Rc8
Rb7+ 66. Kc3 Rh7 67. Rd8+ Kc5 68. Rd3 Rh4 69. Rg3 Rc4+ 70. Kd2 Rd4+ 71. Rd3
Rxd3+ 72. Kxd3 Kd5 73. c3 Kc5  1/2-1/2

[Event "20th 4NCL Congress"]
[Site "Nottingham"]
[Date "2018.09.30"]
[Round "4"]
[Board "9"]
[White "O'gorman, Brendan"]
[Black "Bryant, Richard Be"]
[Result "0-1"]
[WhiteElo "1706"]
[BlackElo "1856"]
[PlyCount "24"]
[EventDate "2018.09.28"]
[EventRounds "5"]
[EventCountry "ENG"]

1. Nf3 d5 2. c4 dxc4 3. e4 Nc6 4. Bxc4 e5 5. O-O Bc5 6. Qb3 Qf6 7. Nc3 Qg6 8.
d4 Bxd4 9. Nxd4 Nxd4 10. Bb5+ c6 11. Qd5 Ne7 12. Qxe5 Nf3+  0-1

[Event "20th 4NCL Congress"]
[Site "Nottingham"]
[Date "2018.09.30"]
[Round "4"]
[Board "11"]
[White "Whitehead, Mark A"]
[Black "Bagley, Andy J"]
[Result "1/2-1/2"]
[WhiteElo "1945"]
[BlackElo "1829"]
[PlyCount "69"]
[EventDate "2018.09.28"]
[EventRounds "5"]
[EventCountry "ENG"]

1. e4 e6 2. Qe2 Be7 3. b3 d5 4. Bb2 Nf6 5. e5 Nfd7 6. g3 c5 7. Bg2 Nc6 8. c3
Ndxe5 9. f4 Ng6 10. h4 Bd7 11. h5 Nf8 12. Nh3 h6 13. Na3 a6 14. Nc2 Qa5 15. O-O
O-O-O 16. Kh2 Nh7 17. b4 cxb4 18. cxb4 Nxb4 19. Nxb4 Bxb4 20. Bxg7 Rhg8 21.
Bxh6 Bxd2 22. Rfd1 Bb4 23. Qc2+ Bc6 24. Qxh7 Bc3 25. Rac1 Rh8 26. Qd3 Rxh6 27.
Qxc3 Qxc3 28. Rxc3 Rxh5 29. g4 Rh4 30. Kg3 Rh7 31. Rd4 f6 32. Re3 Re8 33. Bxd5
exd5 34. Rxe8+ Bxe8 35. Rxd5  1/2-1/2

[Event "20th 4NCL Congress"]
[Site "Nottingham"]
[Date "2018.09.30"]
[Round "4"]
[Board "12"]
[White "White, Ian R"]
[Black "Potter, Steven"]
[Result "1-0"]
[WhiteElo "1975"]
[BlackElo "1771"]
[PlyCount "119"]
[EventDate "2018.09.28"]
[EventRounds "5"]
[EventCountry "ENG"]

1. Nf3 b6 2. g3 Bb7 3. Bg2 e6 4. O-O f5 5. c4 Nf6 6. d4 Be7 7. Nc3 O-O 8. d5
Na6 9. Nd4 Bc5 10. dxe6 Bxg2 11. Kxg2 Bxd4 12. Qxd4 dxe6 13. Qxd8 Rfxd8 14. Bf4
c6 15. Rfd1 h6 16. Bd6 Ne8 17. Be7 Rdc8 18. Rd7 Nb8 19. Rb7 Nc7 20. Rd1 Nca6
21. e4 Rc7 22. Rxc7 Nxc7 23. Rd8+ Kf7 24. Bd6 Nba6 25. Bxc7 Rxd8 26. Bxd8 Ke8
27. exf5 exf5 28. Bh4 g5 29. Kh3 Kf7 30. g4 f4 31. f3 gxh4 32. Ne2 Nb4 33. Nxf4
Nxa2 34. Nd3 Kg7 35. Kxh4 a5 36. Kg3 b5 37. cxb5 cxb5 38. Kf4 a4 39. Ke3 b4 40.
Kd4 a3 41. Kc4 axb2 42. Nxb2 Nc3 43. Nd3 h5 44. Nxb4 Ne2 45. Kd3 Ng1 46. Ke3
hxg4 47. fxg4 Nh3 48. Nd5 Kh6 49. Nf4 Ng5 50. h4 Nf7 51. Ke4 Nd6+ 52. Kd5 Nf7
53. Ke6 Nd8+ 54. Kf6 Kh7 55. g5 Kh8 56. h5 Kg8 57. Ng6 Kh7 58. Ne7 Kh8 59. g6
Nf7 60. g7+  1-0

[Event "20th 4NCL Congress"]
[Site "Nottingham"]
[Date "2018.09.30"]
[Round "4"]
[Board "13"]
[White "Sudar, Dragoljub"]
[Black "Price, Andrew"]
[Result "1-0"]
[WhiteElo "1922"]
[BlackElo "1765"]
[PlyCount "113"]
[EventDate "2018.09.28"]
[EventRounds "5"]
[EventCountry "ENG"]

1. e4 c5 2. Nf3 e6 3. d4 cxd4 4. Nxd4 Nf6 5. Nc3 Nc6 6. Be3 a6 7. a3 Qc7 8. Be2
Be7 9. O-O O-O 10. Nb3 d6 11. f4 b5 12. Bf3 Rb8 13. Qe1 b4 14. axb4 Nxb4 15.
Qf2 Bd7 16. Rfd1 Bc6 17. Rac1 Rfc8 18. Nd4 Ba8 19. f5 e5 20. Nde2 Qd8 21. Ba7
Rb7 22. Be3 Ne8 23. Rd2 Bg5 24. Rcd1 a5 25. Bxg5 Qxg5 26. h4 Qd8 27. g4 Qb6 28.
g5 Qxf2+ 29. Kxf2 Rbc7 30. Ra1 Rc5 31. Nc1 Rc4 32. Rxa5 Nc6 33. Ra4 Nd4 34.
Rxc4 Rxc4 35. Bg2 Nc7 36. Bf1 Rb4 37. b3 Kf8 38. Bc4 Ke7 39. N1e2 Nxe2 40. Kxe2
Bc6 41. Ke3 Rb8 42. Nd5+ Bxd5 43. exd5 Ra8 44. Rd1 Ra5 45. Ke4 Ra2 46. Bd3 Ra5
47. Bc4 Ra2 48. Rc1 Kd7 49. Kd3 Ra5 50. b4 Ra8 51. h5 Re8 52. Re1 Rb8 53. c3
Ke7 54. Ra1 Ra8 55. Rxa8 Nxa8 56. Ke4 Nb6 57. Bb5  1-0

[Event "20th 4NCL Congress"]
[Site "Nottingham"]
[Date "2018.09.30"]
[Round "4"]
[Board "14"]
[White "Wilson, Matthew R"]
[Black "Vann, Richard P"]
[Result "1/2-1/2"]
[WhiteElo "1820"]
[BlackElo "1915"]
[PlyCount "64"]
[EventDate "2018.09.28"]
[EventRounds "5"]
[EventCountry "ENG"]

1. e4 b6 2. d4 Bb7 3. Bd3 e6 4. f4 Nf6 5. Qe2 d5 6. e5 Ne4 7. Nf3 c5 8. c3 cxd4
9. cxd4 Bb4+ 10. Nbd2 Nxd2 11. Bxd2 Bxd2+ 12. Qxd2 Ba6 13. O-O Bxd3 14. Qxd3 h6
15. f5 exf5 16. Qxf5 O-O 17. Rac1 Na6 18. e6 Nc7 19. exf7+ Rxf7 20. Qh5 Ne6 21.
Qg4 Qd6 22. Ne5 Rxf1+ 23. Kxf1 Rf8+ 24. Kg1 Ng5 25. Rc8 Rxc8 26. Qxc8+ Qf8 27.
Qd7 Kh7 28. Qxd5 Qf4 29. Nf3 Qe3+ 30. Kf1 Ne4 31. Qf5+ Kg8 32. Qc8+ Kh7  1/2-1/2